| 000 | 00469nam a22001575i 4500 | ||
|---|---|---|---|
| 001 | 167521 | ||
| 003 | ES-MaACL | ||
| 005 | 20230906213537.0 | ||
| 008 | 010309s1864 sp |||| | spa d | ||
| 040 |
_aCAM _bspa _cCAM |
||
| 100 | 1 |
_aVila, Francisco ( _d1830-1898) _9114691 |
|
| 245 | 1 | 0 |
_aLola / _cpor Francisco Vila y Goyri. |
| 260 |
_aMadrid : _b[s.n.], _c1864 ( _fImprenta de Pedro Montero) |
||
| 300 |
_a231 p. ; _c18 cm. |
||
| 852 |
_aES-MaACL _jD-1814 _z-- RĂºst. |
||
| 999 |
_c167521 _d167521 |
||